[Event "FRG-ch International"]
[Site "Mannheim"]
[Date "1975.??.??"]
[Round "7"]
[White "Westerinen, Heikki MJ"]
[Black "Browne, Walter S"]
[Result "1-0"]
[WhiteElo "2475"]
[BlackElo "2550"]

1.e4 c5 2.Nf3 d6 3.d4 cxd4 4.Nxd4 Nf6 5.Nc3 a6 6.Be2 e5 7.Nf3 Qc7 8.a4 b6
9.O-O Be7 10.Bg5 Nbd7 11.Nd2 Bb7 12.Bc4 O-O 13.Qe2 Rfe8 14.Rfd1 h6 15.Bh4 Qc5
16.Bb3 Bc6 17.Qc4 Qxc4 18.Nxc4 g5 19.Bg3 Nxe4 20.Nxe4 Bxe4 21.Nxd6 Bxd6 22.Rxd6 Ra7
23.f3 Bf5 24.Rad1 Rb7 25.c3 h5 26.Bd5 Rc7 27.Rd2 a5 28.h4 gxh4 29.Bxh4 Kg7
30.Bf2 Rb8 31.Bc6 Nc5 32.Bh4 Ne6 33.Re2 f6 34.g4 hxg4 35.fxg4 Nf4 36.Bxf6+ Kh7
37.Rh2+ Kg6 38.Bd8+  1-0

[Event "FRG-ch International"]
[Site "Mannheim"]
[Date "1975.??.??"]
[Round "13"]
[White "Dueball, Juergen"]
[Black "Browne, Walter S"]
[Result "1/2-1/2"]
[WhiteElo "2455"]
[BlackElo "2550"]

1.e4 c5 2.Nf3 d6 3.d4 cxd4 4.Nxd4 Nf6 5.Nc3 a6 6.Bc4 e6 7.O-O b5 8.Bb3 Be7
9.f4 O-O 10.e5 dxe5 11.fxe5 Nfd7 12.Qh5 Nc6 13.Nxc6 Qb6+ 14.Be3 Qxc6 15.Rf3 Bb7
16.Kh1 Bc5 17.Re1 a5 18.Rg3 a4 19.Bxc5 Nxc5 20.Rxg7+ Kxg7 21.Qg5+ Kh8 22.Qf6+ Kg8
23.Qg5+ Kh8 24.Qf6+ Kg8  1/2-1/2

[Event "Lone Pine"]
[Site "Lone Pine"]
[Date "1976.??.??"]
[Round "4"]
[White "Tisdall, Jonathan D"]
[Black "Browne, Walter S"]
[Result "0-1"]
[WhiteElo "2390"]
[BlackElo "2585"]

1.e4 c5 2.Nc3 d6 3.Nf3 Nf6 4.d4 cxd4 5.Nxd4 a6 6.Bc4 b5 7.Bb3 e6 8.O-O Be7
9.Qf3 Qb6 10.Be3 Qb7 11.Qg3 O-O 12.Bh6 Ne8 13.Rad1 Bd7 14.a3 Nc6 15.Bg5 Bxg5
16.Qxg5 Nxd4 17.Rxd4 Bc6 18.Re1 a5 19.Qh4 Qb6 20.Red1 Rc8 21.R1d3 Qc5 22.Rd1 h6
23.Qg3 Rb8 24.Qe3 a4 25.Ba2 b4 26.axb4 Rxb4 27.Qd2 Rxb2 28.Rc4 Qb6 29.Nxa4 Bxa4
30.Rxa4 Rb5 31.Bc4 Rc5 32.Bb3 Rc6 33.Rd4 Qc7 34.Ba4 Rc4 35.Bxe8 Rxe8 36.Rxd6 Rxe4
37.Qd3 Qc4 38.Qxc4 Rxc4 39.Rd8 Kf8 40.Rxe8+ Kxe8 41.Rd2 Ke7 42.Kf1 e5 43.Ke2 Rc3
44.f3 f5 45.Kf2 g5 46.Ke2 h5 47.Kd1 g4 48.Rd3 Rc5 49.fxg4 hxg4 50.h3 gxh3
51.Rxh3 Kf6 52.Kd2 Kg5 53.Rg3+ Kf4 54.Rf3+ Kg4 55.Rb3 e4 56.Rb8 f4 57.Re8 e3+
58.Ke1 Rxc2 59.Rg8+ Kh4 60.Rh8+ Kg3 61.Rg8+ Kh2 62.Rg4 Rf2 63.Kd1 Kh1 64.Ke1 Kg1
65.Kd1 Kf1  0-1

[Event "Lone Pine"]
[Site "Lone Pine"]
[Date "1977.??.??"]
[Round "1"]
[White "Kaplan, Julio P"]
[Black "Browne, Walter S"]
[Result "1/2-1/2"]
[WhiteElo "2445"]
[BlackElo "2545"]

1.e4 c5 2.Nf3 d6 3.d4 cxd4 4.Nxd4 Nf6 5.Nc3 a6 6.Be2 e5 7.Nb3 Be7 8.O-O Be6
9.f4 Qc7 10.a4 O-O 11.Kh1 Nbd7 12.a5 Rfd8 13.Be3 Qc6 14.f5 Bxb3 15.cxb3 Nc5
16.Nd5 Nxd5 17.exd5 Qe8 18.b4 Ne4 19.Bc4 Rdc8 20.Qd3 Nf6 21.b5 axb5 22.Bxb5 Qf8  1/2-1/2

[Event "Lone Pine"]
[Site "Lone Pine"]
[Date "1977.??.??"]
[Round "2"]
[White "Browne, Walter S"]
[Black "Denker, Arnold S"]
[Result "1/2-1/2"]
[WhiteElo "2545"]
[BlackElo "2335"]

1.d4 Nf6 2.c4 e6 3.Nf3 b6 4.g3 Bb7 5.Bg2 Be7 6.O-O O-O 7.Nc3 Ne4 8.Qc2 Nxc3
9.Qxc3 c5 10.Rd1 Qc7 11.d5 exd5 12.cxd5 d6 13.Qc2 Nd7 14.Nd4 Rfe8 15.Bf4 Nf8
16.Nf5 Ng6 17.Nxe7+ Qxe7 18.Be3 Ne5 19.Bc1 Bc8 20.b3 Bd7 21.Bb2 Rac8 22.Qc3 f6
23.f4 Ng6 24.e4 b5 25.a3 Qd8 26.Kh1 a5 27.Re1 Qb6 28.Bf3 b4 29.axb4 axb4
30.Qd2 Bb5 31.Qe3 Qb7 32.Qd2 Re7 33.h4 h6 34.h5 Nh8 35.e5 fxe5 36.fxe5 dxe5
37.Rxe5 Nf7 38.Rxe7 Qxe7 39.Re1 Qd6 40.Qf2 Re8 41.Rxe8+ Bxe8 42.Qe3 Bd7 43.Kh2 Qf8
44.Qf4 Ng5 45.Bg2 Qe8 46.Qe5 Qxh5+  1/2-1/2

[Event "Lone Pine"]
[Site "Lone Pine"]
[Date "1977.??.??"]
[Round "3"]
[White "Browne, Walter S"]
[Black "Ervin, Roy C"]
[Result "0-1"]
[WhiteElo "2545"]
[BlackElo "2200"]

1.e4 e5 2.Nf3 Nc6 3.Bb5 a6 4.Ba4 d6 5.c3 Bd7 6.d4 Nge7 7.Bb3 h6 8.Nbd2 g6
9.dxe5 dxe5 10.O-O Bg7 11.Qe2 O-O 12.Rd1 Qc8 13.Nc4 Be6 14.Be3 b6 15.a4 a5
16.Bc2 f5 17.exf5 gxf5 18.Na3 Qe8 19.Nb5 Rc8 20.c4 Qh5 21.Qf1 Nb4 22.Bb1 c5
23.Bc1 e4 24.Re1 Ng6 25.Ra3 Rc6 26.Nd2 Ne5 27.f4 exf3 28.gxf3 Qf7 29.Rae3 Nxc4
30.Rxe6 Rxe6 31.Rxe6 Nxd2 32.Qe2 Nxb1 33.Nd6 Qh5 34.Qg2 Kh7 35.Re1 Qg6 36.Ne8 Qxg2+
37.Kxg2 Rxe8 38.Rxe8 Nd3 39.Be3 Nxb2 40.Rb8 Nxa4 41.Rb7 Kg6 42.h4 Bf6 43.Kg3 Nbc3
44.h5+ Kxh5 45.Rh7 Bh4+ 46.Kh3 Bg5 47.f4 Bf6  0-1

[Event "Lone Pine"]
[Site "Lone Pine"]
[Date "1977.??.??"]
[Round "5"]
[White "Browne, Walter S"]
[Black "Frey, Kenneth"]
[Result "1-0"]
[WhiteElo "2545"]
[BlackElo "2390"]

1.d4 d5 2.c4 e6 3.Nc3 c5 4.cxd5 exd5 5.Nf3 Nc6 6.g3 Nf6 7.Bg2 Be7 8.O-O O-O
9.b3 Ne4 10.Bb2 Bf6 11.Na4 Re8 12.Rc1 cxd4 13.Nxd4 Bxd4 14.Bxd4 Bf5 15.e3 Qd7
16.Nc5 Nxc5 17.Rxc5 Be4 18.f3 Bg6 19.Qd2 Qe6 20.Kf2 Rad8 21.Rfc1 f6 22.R5c3 Ne5
23.Kg1 Nc6 24.Bf1 Qf5 25.Kg2 Re6 26.b4 a6 27.a4 Rde8 28.b5 axb5 29.Bxb5 Rc8
30.a5 Be8 31.Bd3 Qh5 32.g4 Qf7 33.Bf5 Ra8 34.Bxe6 Qxe6 35.Rc5 Nxd4 36.exd4 Bc6
37.Re1 Qd6 38.Re2 h6 39.Qd3 Kf7 40.Qf5 Qd8 41.Qe6+ Kf8 42.Ra2 Qe7 43.Qxe7+ Kxe7
44.a6 Kd6 45.a7 Kc7  1-0

[Event "Lone Pine"]
[Site "Lone Pine"]
[Date "1977.??.??"]
[Round "8"]
[White "Browne, Walter S"]
[Black "Balashov, Yuri S"]
[Result "1/2-1/2"]
[WhiteElo "2545"]
[BlackElo "2565"]

1.d4 Nf6 2.c4 e6 3.Nf3 b6 4.g3 Bb7 5.Bg2 Be7 6.O-O O-O 7.Qc2 c5 8.dxc5 bxc5
9.Nc3 Nc6 10.Rd1 d5 11.cxd5 Nb4 12.Qb1 Nbxd5 13.Ng5 h6 14.Nge4 Qc8 15.Nxf6+ Nxf6
16.Qc2 Bxg2 17.Kxg2 Rb8 18.Kg1 Qb7 19.Na4 Nd5 20.b3 Rfc8 21.Bb2 Qa6 22.Be5 Rb7
23.Qc4 Qxc4 24.bxc4 Bf6 25.Bxf6 Nxf6 26.a3 Nd7 27.Rab1 Rxb1 28.Rxb1 Ne5 29.Rc1 Kf8
30.f4 Nc6 31.Kf2 Na5 32.Ke3 Ke7 33.Kd3 Rd8+ 34.Kc3 Rd4 35.Nb2 Re4 36.Kd3 Rd4+
37.Kc3 Re4 38.Kd3 Rd4+ 39.Kc3  1/2-1/2

[Event "Paul Masson op"]
[Site "?"]
[Date "1977.??.??"]
[Round "1"]
[White "Browne, Walter S"]
[Black "Winslow, Elliott C"]
[Result "1-0"]
[WhiteElo "2560"]
[BlackElo "2255"]

1.d4 Nf6 2.c4 g6 3.Nc3 Bg7 4.e4 d6 5.f3 Nc6 6.Nge2 Rb8 7.Be3 O-O 8.Qd2 Re8
9.h4 h5 10.O-O-O a6 11.Bh6 Bh8 12.g4 e5 13.Bg5 Nxd4 14.Nxd4 exd4 15.Nd5 hxg4
16.h5 c6 17.hxg6 cxd5 18.Rxh8+ Kxh8 19.Qh2+ Kg8 20.g7  1-0

[Event "Paul Masson op"]
[Site "?"]
[Date "1977.??.??"]
[Round "3"]
[White "Browne, Walter S"]
[Black "Peters, John A"]
[Result "1-0"]
[WhiteElo "2560"]
[BlackElo "2460"]

1.d4 Nf6 2.c4 e6 3.Nf3 b6 4.g3 Ba6 5.b3 d5 6.Bg2 Bb4+ 7.Bd2 Be7 8.cxd5 exd5
9.O-O O-O 10.Nc3 c5 11.Bg5 Bb7 12.Rc1 Na6 13.Qd3 Rc8 14.Rfd1 h6 15.Bf4 c4
16.bxc4 dxc4 17.Qc2 Nb4 18.Qa4 a6 19.Re1 b5 20.Qd1 Nbd5 21.Nxd5 Bxd5 22.Bh3 Ra8
23.Ne5 Ba3 24.Ra1 b4 25.Qc2 b3 26.axb3 cxb3 27.Qd3 Bb4 28.Reb1 a5 29.Bf5 a4
30.e4 Be6 31.Bxe6 fxe6 32.Qc4 Qb6 33.Nc6 Rfc8 34.Rxa4 Rxc6 35.Rxa8+ Kh7 36.Qxb3 e5
37.Bxe5  1-0

[Event "Paul Masson op"]
[Site "?"]
[Date "1977.??.??"]
[Round "4"]
[White "Grefe, John A"]
[Black "Browne, Walter S"]
[Result "1/2-1/2"]
[WhiteElo "2460"]
[BlackElo "2560"]

1.c4 e5 2.Nc3 Nc6 3.Nf3 f5 4.d3 Nf6 5.g3 g6 6.Bg2 Bg7 7.O-O O-O 8.Rb1 d6
9.b4 a6 10.a4 Ne7 11.b5 axb5 12.axb5 h6 13.Bb2 Be6 14.Ra1 Qd7 15.Rxa8 Rxa8
16.Qb3 c6 17.Ra1 Rxa1+ 18.Bxa1 Qc7 19.bxc6 bxc6 20.Na4 Nd7 21.Nd2 d5 22.Bc3 d4
23.Bb4 c5 24.Ba3 Qa5 25.Nf1 Bf8 26.e3 Nc8 27.Qb5 Qxb5 28.cxb5 Ncb6 29.Nxb6 Nxb6
30.Nd2 Kf7 31.exd4 cxd4 32.Bxf8 Kxf8 33.f4 exf4 34.gxf4 Ke7 35.Nf3 Nd5 36.Nxd4 Nxf4
37.b6  1/2-1/2

[Event "Buenos Aires ol (Men)"]
[Site "Buenos Aires"]
[Date "1978.??.??"]
[Round "?"]
[White "Petrosian, Tigran V"]
[Black "Browne, Walter S"]
[Result "1-0"]
[WhiteElo "2620"]
[BlackElo "2550"]

1.d4 Nf6 2.Nf3 b6 3.e3 Bb7 4.Bd3 e6 5.O-O Be7 6.b3 O-O 7.Bb2 c5 8.c4 cxd4
9.exd4 d5 10.Nbd2 Nbd7 11.Rc1 Rc8 12.Qe2 Rc7 13.Ng5 h6 14.Nh3 Re8 15.f4 Qa8
16.Nf3 dxc4 17.bxc4 Be4 18.Nd2 Bxd3 19.Qxd3 Bb4 20.Nf3 Qe4 21.Qb3 Ba5 22.Bc3 Bxc3
23.Rxc3 Rec8 24.g3 Nd5 25.Rcc1 Qg6 26.Rfe1 Ne7 27.Nf2 Nf5 28.Qd3 Ne7 29.Ne4 Nd5
30.Qf1 Nb4 31.a3 Nc6 32.d5 exd5 33.cxd5 Na5 34.f5 Qh5 35.Rxc7 Rxc7 36.Nd6 Nf6
37.h3 Rc3 38.Kg2 Nxd5 39.g4 Nf4+ 40.Kg3 Qxh3+ 41.Qxh3  1-0

[Event "Buenos Aires ol (Men)"]
[Site "Buenos Aires"]
[Date "1978.??.??"]
[Round "?"]
[White "Hernandez, Roman"]
[Black "Browne, Walter S"]
[Result "1/2-1/2"]
[WhiteElo "2465"]
[BlackElo "2550"]

1.c4 c5 2.Nc3 g6 3.g3 Bg7 4.Bg2 Nc6 5.Nf3 e6 6.O-O Nge7 7.e3 Nf5 8.Ne4 d6
9.d4 cxd4 10.Nxd4 Ncxd4 11.exd4 d5 12.cxd5 exd5  1/2-1/2

[Event "Clarin"]
[Site "Buenos Aires"]
[Date "1978.??.??"]
[Round "3"]
[White "Qi Jingxuan"]
[Black "Browne, Walter S"]
[Result "1/2-1/2"]
[WhiteElo "2200"]
[BlackElo "2550"]

1.e4 c5 2.Nc3 d6 3.g3 Nc6 4.Bg2 g6 5.f4 Bg7 6.Nf3 e6 7.O-O Nge7 8.d3 O-O
9.Be3 Nd4 10.Qd2 d5 11.Bf2 Nxf3+ 12.Bxf3 b6 13.exd5 Bb7 14.d4 c4 15.Qe2 exd5
16.Rfe1 Re8 17.Qf1 Bc6 18.a4 a6 19.Qg2 Qd6 20.Re2 Red8 21.a5 b5 22.Rae1 Ra7
23.Na2 Ba8 24.c3 Nc6 25.Re8+ Bf8 26.Rxd8 Qxd8 27.Bxd5 Nxa5 28.Bxa8 Qxa8 29.Nb4 Bxb4
30.cxb4 Nb3 31.Rd1 Qxg2+ 32.Kxg2 f5 33.d5 Rd7 34.Bb6 Kf7 35.d6 Ke6 36.Bc7 Rf7
37.Kf3 Kd7 38.h3 Rf6 39.g4 Re6 40.gxf5 gxf5 41.Bb8 a5 42.bxa5 Nxa5 43.Bc7 Nb7
44.Rd5 Kc6 45.Rxf5 Nxd6 46.Bxd6 Rxd6 47.Re5 Rd3+ 48.Re3 Rxe3+ 49.Kxe3 Kd5
50.f5 b4 51.f6 Ke6 52.Kd4 c3 53.bxc3 bxc3 54.Kxc3 Kxf6 55.Kd4 Kg5 56.Ke3 Kh4
57.Kf4 h5 58.Kf3 Kxh3 59.Kf2 Kh2 60.Kf1 h4 61.Kf2 h3 62.Kf1 Kh1 63.Kf2 Kh2
64.Kf1 Kg3 65.Kg1 h2+ 66.Kh1  1/2-1/2

[Event "Clarin"]
[Site "Buenos Aires"]
[Date "1978.??.??"]
[Round "8"]
[White "Browne, Walter S"]
[Black "Gheorghiu, Florin"]
[Result "1/2-1/2"]
[WhiteElo "2550"]
[BlackElo "2520"]

1.d4 Nf6 2.c4 c5 3.d5 g6 4.Nc3 Bg7 5.Nf3 O-O 6.e4 d6 7.Be2 e6 8.Nd2 Re8 9.O-O Na6
10.Re1 Nc7 11.a4 Na6 12.Bf1  1/2-1/2

[Event "Lone Pine op"]
[Site "Lone Pine"]
[Date "1978.??.??"]
[Round "4"]
[White "Mestel, A Jonathan"]
[Black "Browne, Walter S"]
[Result "1-0"]
[WhiteElo "2450"]
[BlackElo "2550"]

1.e4 c5 2.Nf3 d6 3.Nc3 Nf6 4.d4 cxd4 5.Nxd4 a6 6.Be2 e5 7.Nb3 Be7 8.Be3 Be6
9.O-O Nbd7 10.a4 O-O 11.a5 Rc8 12.Qd2 Qc7 13.Rfc1 Qc6 14.Bf3 Bc4 15.Qd1 Rfd8
16.Nd5 Nxd5 17.exd5 Qb5 18.Be4 g6 19.Nd2 Bxd5 20.c4 Bxc4 21.Rxc4 Rxc4 22.Nxc4 Qxc4
23.Bxb7 Qb5 24.Qf3 Kg7 25.b3 Bf6 26.Bc6 Qb4 27.Bxd7 e4 28.Bh6+ Kxh6 29.Qxf6 Rxd7
30.h4 d5 31.Qxa6 Qc3 32.Rf1 d4 33.Qb5 Qc7 34.Qb4 e3 35.fxe3 dxe3 36.Re1 Qe5
37.Qg4 Rd3 38.b4 Ra3 39.Qf3 f5 40.g3 Rb3 41.a6 Qd4 42.Qf4+ Qxf4 43.gxf4 Rxb4
44.Ra1 Rb8 45.Kg2 Ra8 46.Kf3 Kh5 47.Kxe3 Kxh4 48.Kf3  1-0

[Event "Konex"]
[Site "Buenos Aires"]
[Date "1979.??.??"]
[Round "12"]
[White "Kortschnoj, Viktor"]
[Black "Browne, Walter S"]
[Result "1/2-1/2"]
[WhiteElo "2695"]
[BlackElo "2540"]

1.d4 Nf6 2.c4 e6 3.Nc3 Bb4 4.Qc2 c5 5.e3 O-O 6.a3 Bxc3+ 7.Qxc3 b6 8.dxc5 bxc5
9.b4 d5 10.Bb2 cxb4 11.axb4 dxc4 12.Bxc4 Qb6 13.Nf3 Ba6 14.O-O Bxc4 15.Qxc4 Nbd7
16.Bd4 Qb7 17.b5 Rfc8 18.Qe2 Ne4 19.Ra5 Nd6 20.Qa2 e5 21.Bxa7 Nc4 22.Ra6 Qxb5
23.Rb1 Qd5 24.h3 h6 25.Qa4 Rc7 26.Qa1 Rac8 27.Rd1 Qe4 28.Ra4 Qf5 29.Qa2 Qe6
30.Ra6 Rc6 31.Rxc6 Rxc6 32.Qb3 Rc7 33.Bb8 Rc8 34.Ba7 Qc6 35.e4 Nf6 36.Rc1 Qxe4
37.Nd2 Qa8 38.Rxc4 Rxc4 39.Nxc4 Qxa7 40.Qb2 e4 41.Ne3 Qc7 42.Qd4 h5 43.Nc4 Qc8
44.Kf1 Qe6 45.Nd2 g5 46.f3 e3 47.Ne4 Nxe4 48.fxe4 Qa6+ 49.Kg1 Qe2 50.Qd8+ Kh7
51.Qxg5 Qd1+ 52.Kh2 e2 53.Qxh5+ Kg8 54.Qg5+ Kf8 55.Qc5+ Ke8 56.Qb5+ Kd8 57.Qb8+ Kd7
58.Qb5+ Ke6 59.Qe8+ Kd6 60.Qb8+ Kc5 61.Qc7+ Kd4 62.Qd8+ Ke3 63.Qg5+ Kd3 64.Qd5+ Kc3
65.Qc5+ Kb3 66.Qb5+ Ka3 67.Qc5+ Ka4 68.Qc4+ Ka5 69.Qc5+ Ka6 70.Qc6+ Ka5 71.Qc5+ Ka4
72.Qc4+ Ka3 73.Qc3+ Ka2 74.Qc4+ Kb2 75.Qb4+ Qb3 76.Qd2+ Qc2 77.Qb4+ Ka2 78.Kg3 Qd1
79.Qc4+  1/2-1/2

[Event "Lone Pine op"]
[Site "Lone Pine"]
[Date "1979.??.??"]
[Round "3"]
[White "Browne, Walter S"]
[Black "Van Riemsdijk, Herman C"]
[Result "1-0"]
[WhiteElo "2540"]
[BlackElo "2435"]

1.d4 c5 2.d5 Nf6 3.Nc3 d6 4.e4 g6 5.Nf3 Bg7 6.Bb5+ Bd7 7.a4 Na6 8.O-O Nc7
9.Bxd7+ Nxd7 10.Re1 O-O 11.Bf4 Nf6 12.h3 Qd7 13.Qd2 Rad8 14.Rad1 Nh5 15.Bg5 f6
16.Bh6 g5 17.Bxg7 Nxg7 18.Nh2 Qe8 19.f4 gxf4 20.Qxf4 Qh5 21.Nf3 Rf7 22.Kh1 Qg6
23.g4 Kh8 24.Rf1 e5 25.Qe3 h5 26.Nh4 Qh7 27.g5  1-0

[Event "Lone Pine op"]
[Site "Lone Pine"]
[Date "1979.??.??"]
[Round "6"]
[White "Morris, Walter D"]
[Black "Browne, Walter S"]
[Result "1-0"]
[WhiteElo "2345"]
[BlackElo "2540"]

1.e4 c5 2.Nf3 d6 3.d4 cxd4 4.Nxd4 Nf6 5.Nc3 a6 6.Bg5 e6 7.f4 Be7 8.Qf3 Nbd7
9.O-O-O Qc7 10.g4 b5 11.Bxf6 gxf6 12.f5 Nc5 13.Bg2 b4 14.Nce2 e5 15.Nb3 Bb7
16.Ng3 a5 17.Kb1 a4 18.Nd2 a3 19.b3 Rc8 20.Rc1 d5 21.exd5 e4 22.Ngxe4 Nxe4
23.Nxe4 Bxd5 24.Qg3 Qb6 25.Rhd1 Bxe4 26.Bxe4 O-O 27.Rd3 Rfd8 28.Bd5 Bd6 29.Qh4 Bf4
30.Rf1 Qc5 31.Qf2 Be3 32.Rxe3 Rxd5 33.Rd3 Qd6 34.Rxd5 Qxd5 35.Re1 Kg7 36.h4 h6
37.Qf4 Qc6 38.Qd2 Qc5 39.g5 Kh7 40.gxh6 Rd8 41.Qf4 Qc3 42.Qc1  1-0

[Event "Lone Pine op"]
[Site "Lone Pine"]
[Date "1979.??.??"]
[Round "8"]
[White "Browne, Walter S"]
[Black "Paolozzi, Marcos"]
[Result "1-0"]
[WhiteElo "2540"]
[BlackElo "2310"]

1.e4 e6 2.d3 c5 3.Nd2 Nc6 4.g3 g6 5.Bg2 Bg7 6.f4 Nge7 7.Ngf3 d6 8.g4 f5 9.gxf5 gxf5
10.Nf1 Ng6 11.exf5 exf5 12.Ng3 O-O 13.O-O h6 14.Nh5 Bh8 15.Qe1 Nce7 16.Bd2 Qe8
17.Qg3 Qf7 18.Rae1 Re8 19.Re2 Bd7 20.Rfe1 Kf8 21.Bc3 Bxc3 22.bxc3 Ng8 23.Nd2 Nf6
24.Nxf6 Qxf6 25.Bxb7 Rab8 26.Bf3 Rxe2 27.Rxe2 Rb2 28.Nc4 Rxa2 29.Ne3 Ra1+
30.Kg2 Nh4+ 31.Kh3 Nxf3 32.Qxf3 Rg1 33.Qa8+ Be8 34.Nd5 Qf7 35.Nf6 Kg7 36.Rxe8 Rg4
37.Nxg4 Qh5+ 38.Kg3 Qxg4+ 39.Kf2 Qxf4+ 40.Qf3  1-0

[Event "Los Polvorines op"]
[Site "Los Polvorines"]
[Date "1980.??.??"]
[Round "?"]
[White "Maldonado, Oscar"]
[Black "Browne, Walter S"]
[Result "0-1"]
[WhiteElo "2200"]
[BlackElo "2540"]

1.e4 c5 2.Nc3 d6 3.Nf3 Nf6 4.d3 g6 5.g3 Nc6 6.Bg2 Bg7 7.h3 Rb8 8.Be3 O-O
9.Qd2 b5 10.Bh6 b4 11.Ne2 e5 12.h4 Nd4 13.Nfxd4 cxd4 14.f3 d5 15.h5 dxe4
16.dxe4 Ba6 17.hxg6 fxg6 18.Bxg7 Kxg7 19.Qh6+ Kg8 20.f4 Qc7 21.f5 gxf5 22.exf5 Qxc2
23.Bd5+ Kh8 24.Bf3 Qxf5 25.Rf1 Qg6 26.Qd2 d3  0-1

[Event "Los Polvorines op"]
[Site "Los Polvorines"]
[Date "1980.??.??"]
[Round "?"]
[White "Gonzalez, R."]
[Black "Browne, Walter S"]
[Result "0-1"]
[WhiteElo "2340"]
[BlackElo "2540"]

1.d4 Nf6 2.c4 e6 3.Nc3 Bb4 4.e3 O-O 5.Ne2 d5 6.a3 Be7 7.Nf4 c6 8.Be2 Nbd7
9.O-O dxc4 10.Bxc4 e5 11.Nfe2 exd4 12.exd4 Nb6 13.Bb3 Bf5 14.Ng3 Bg6 15.Bf4 Nfd5
16.Nxd5 Nxd5 17.Bc1 Qb6 18.f4 f5 19.Be3 Rad8 20.Qc2 Bf6 21.Rad1 Kh8 22.Bf2 Rfe8
23.Bxd5 Rxd5 24.Qc3 Red8 25.Rfe1 c5 26.Rd2 cxd4 27.Qf3 Rb5 28.Nh5 Rb3 29.Qd1 Bxh5
30.Qxh5 g6 31.Qe2 Qc6 32.Qd1 Qd5 33.Qc1 d3 34.Qc7 Rxb2 35.Rdd1 d2 36.Re2 Qb3  0-1

[Event "Brasilia"]
[Site "Brasilia"]
[Date "1981.??.??"]
[Round "?"]
[White "Lucena, Lincoln"]
[Black "Browne, Walter S"]
[Result "0-1"]
[WhiteElo "2295"]
[BlackElo "2555"]

1.c4 e5 2.Nc3 Nc6 3.Nf3 f5 4.d4 e4 5.Ng5 h6 6.Nh3 g5 7.e3 Nf6 8.a3 d6 9.Ng1 Bg7
10.Qc2 O-O 11.h3 Ne7 12.Bd2 c6 13.Nge2 Be6 14.Nc1 Qe8 15.Be2 Qf7 16.Rf1 Rac8
17.Qa4 a6 18.Qc2 Kh8 19.b3 b5 20.N3a2 Ng6 21.Rb1 f4 22.Nc3 Nh4 23.Rg1 Nxg2+
24.Rxg2 f3 25.Rh2 fxe2 26.N1xe2 d5 27.c5 Nh5 28.Kd1 Qc7 29.Rh1 Rxf2 30.Kc1 Rh2
31.Kb2 Rxh3 32.Rxh3 Bxh3 33.Rh1 Bg4 34.Qd1 Ng3 35.Rg1 Nxe2 36.Nxe2 Bxe2 37.Qxe2 Rf8
38.Rf1 Rxf1 39.Qxf1 Qd7 40.Kc3 Kh7 41.Kb4 Kg6 42.Ka5 Qc8 43.Kb6 Bf6 44.Ka7 h5
45.Ba5 h4 46.Be1 h3 47.Bg3 Qg4 48.Bh2 Qf3 49.Qg1 g4 50.Bg3 Qg2 51.Qxg2 hxg2
52.Bf2 Bh4 53.Bg1 Be1 54.Kxa6 g3  0-1

[Event "Brasilia"]
[Site "Brasilia"]
[Date "1981.??.??"]
[Round "?"]
[White "Filguth, Rubens A"]
[Black "Browne, Walter S"]
[Result "1/2-1/2"]
[WhiteElo "2375"]
[BlackElo "2555"]

1.c4 e5 2.Nc3 Nc6 3.g3 g6 4.Bg2 Bg7 5.e3 d6 6.Nge2 h5 7.h3 Nge7 8.d3 Be6
9.Nd5 Qd7 10.Qa4 Rb8 11.Rb1 b5 12.cxb5 Bxd5 13.Bxd5 Nxd5 14.bxc6 Qf5 15.Qe4 Nb4
16.Qxf5 gxf5 17.Kd2 Ke7 18.Nc3 Ke6 19.Rg1 Bf6 20.b3 Rb6 21.Na4 Rxc6 22.a3 Nd5
23.b4 e4 24.Rb3 Rb8 25.g4 exd3 26.gxf5+ Kxf5 27.Kxd3 Ke6 28.e4 Nb6 29.Nxb6 Rcxb6
30.Be3 R6b7 31.Kc4 c6 32.Rd3 Rd8  1/2-1/2

[Event "Brasilia"]
[Site "Brasilia"]
[Date "1981.??.??"]
[Round "?"]
[White "Browne, Walter S"]
[Black "Lucena, Lincoln"]
[Result "1-0"]
[WhiteElo "2555"]
[BlackElo "2295"]

1.d4 Nf6 2.Nf3 e6 3.c4 d5 4.Nc3 c6 5.Bg5 dxc4 6.e4 b5 7.e5 h6 8.Bh4 g5 9.Nxg5 hxg5
10.Bxg5 Nbd7 11.g3 Qa5 12.exf6 b4 13.Ne4 c3 14.bxc3 bxc3 15.Qd3 Bb7 16.Be2 O-O-O
17.O-O Qf5 18.h4 c5 19.Nxc5 Nxc5 20.Qxf5 exf5 21.dxc5 Bxc5 22.Rfc1 Bd4 23.Bd2 Bxf2+
24.Kxf2 Rxd2 25.Rxc3+ Kd7 26.Rd1 Rxd1 27.Bxd1 Bd5 28.Ra3 Rb8 29.Rxa7+ Ke6
30.Ra6+ Ke5 31.Ra5 Kd4 32.Bb3 Bxb3 33.axb3 Rxb3 34.Rxf5 Ke4 35.Rf4+ Ke5 36.h5 Rb2+
37.Kf3 Rb8 38.Kg4 Rh8 39.Kg5 Rg8+ 40.Kh4 Rh8 41.Rf3 Ke4 42.Rf1 Ke5 43.g4  1-0

[Event "Santiago"]
[Site "Santiago"]
[Date "1981.??.??"]
[Round "6"]
[White "Browne, Walter S"]
[Black "Campos Moreno, Javier B"]
[Result "1-0"]
[WhiteElo "2570"]
[BlackElo "2410"]

1.d4 Nf6 2.Nf3 e6 3.c4 d5 4.Nc3 c5 5.cxd5 exd5 6.g3 Nc6 7.Bg2 Be7 8.O-O O-O
9.Bg5 cxd4 10.Nxd4 h6 11.Be3 Bg4 12.h3 Be6 13.Rc1 Rc8 14.Nxc6 bxc6 15.Na4 Qa5
16.Bc5 Rfe8 17.Bxe7 Rxe7 18.Qd4 Nd7 19.e3 Rb8 20.Rxc6 Rb4 21.Ra6 Qxa6 22.Qxb4 Re8
23.Qd4 Rc8 24.Nc3 Nf6 25.Rd1 Qa5 26.Nxd5 Nxd5 27.Bxd5 Rd8 28.e4 Bxd5 29.exd5 Qxa2
30.d6 Qb3 31.Rd3 Qb6 32.Qe5 Rc8 33.d7  1-0

[Event "Santiago"]
[Site "Santiago"]
[Date "1981.??.??"]
[Round "8"]
[White "Browne, Walter S"]
[Black "Salazar, Hernan"]
[Result "1-0"]
[WhiteElo "2570"]
[BlackElo "2345"]

1.d4 d5 2.c4 e6 3.Nc3 c5 4.cxd5 exd5 5.Nf3 Nc6 6.g3 Nf6 7.Bg2 Be7 8.O-O O-O
9.dxc5 Bxc5 10.Bg5 d4 11.Bxf6 Qxf6 12.Nd5 Qd8 13.Nd2 Re8 14.Rc1 Bf8 15.Nf4 Qa5
16.Nc4 Qd8 17.a3 Bf5 18.Qb3 Qd7 19.Rfd1 Rad8 20.Ne3 Be4 21.Bxe4 Rxe4 22.Nc4 d3
23.e3 Rxf4 24.exf4 Bc5 25.Rc3 Nd4 26.Rcxd3 Qd5 27.Ne3 Qf3 28.Qc4 Ne2+ 29.Kf1 Rxd3
30.Rxd3 Bf8 31.Qd5 Qxd5 32.Nxd5 Nc1 33.Rc3  1-0

[Event "Santiago"]
[Site "Santiago"]
[Date "1981.??.??"]
[Round "9"]
[White "Guimard, Carlos E"]
[Black "Browne, Walter S"]
[Result "0-1"]
[WhiteElo "2400"]
[BlackElo "2570"]

1.d4 Nf6 2.Nf3 b6 3.c4 e6 4.g3 Ba6 5.Qa4 c5 6.Bg2 Bb7 7.O-O cxd4 8.Nxd4 Qc8
9.Nc3 Bxg2 10.Kxg2 Qb7+ 11.f3 Be7 12.e4 O-O 13.Be3 Rc8 14.Nde2 Nc6 15.Qd1 d6
16.b3 a6 17.a4 d5 18.cxd5 exd5 19.Nxd5 Nxd5 20.Qxd5 Rd8 21.Qc4 Rac8 22.Rad1 Nd4
23.Rxd4 Rxc4 24.Rxd8+ Bxd8 25.bxc4 Qc6 26.Rd1 Be7 27.a5 Qa4 28.Rd5 Qxc4 29.Nd4 bxa5
30.Nf5 Bf8 31.Rxa5 g6 32.Nh6+ Bxh6 33.Bxh6 Qe2+ 34.Kh3 Qxf3  0-1

[Event "Santiago"]
[Site "Santiago"]
[Date "1981.??.??"]
[Round "10"]
[White "Browne, Walter S"]
[Black "Van Riemsdijk, Herman C"]
[Result "1-0"]
[WhiteElo "2570"]
[BlackElo "2390"]

1.d4 Nf6 2.Nf3 g6 3.c4 Bg7 4.Nc3 d5 5.cxd5 Nxd5 6.e4 Nxc3 7.bxc3 O-O 8.Be2 b6
9.Bg5 c5 10.O-O cxd4 11.cxd4 Bb7 12.Qd3 Ba6 13.Qe3 Bxe2 14.Qxe2 Re8 15.Rac1 Nd7
16.e5 Nf8 17.Qe4 Ne6 18.d5 Nc5 19.Qc4 Qd7 20.Rfe1 Rac8 21.e6 fxe6 22.dxe6 Qd3
23.Qf4 Qf5 24.Qxf5 gxf5 25.Nh4 Rc6 26.Nxf5 Rxe6 27.Bxe7 Be5 28.Bxc5 Bxh2+
29.Kf1 Rxe1+ 30.Rxe1 Rxe1+ 31.Kxe1 bxc5 32.g3 Kf7 33.Nh4 Kf6 34.Nf3 Bxg3
35.fxg3 Kf5 36.Nh2 Ke4 37.Kd2 h5 38.Kc3 Kd5 39.Kd3 c4+ 40.Kc3  1-0

[Event "Las Palmas Interzonal"]
[Site "Las Palmas"]
[Date "1982.??.??"]
[Round "8"]
[White "Browne, Walter S"]
[Black "Petrosian, Tigran V"]
[Result "1/2-1/2"]
[WhiteElo "2590"]
[BlackElo "2605"]

1.d4 d5 2.c4 dxc4 3.Nc3 e5 4.e3 exd4 5.exd4 Nf6 6.Bxc4 Be7 7.Nf3 O-O 8.O-O Nbd7
9.Bb3 Nb6 10.Re1 c6 11.Bg5 Nbd5 12.Nxd5 cxd5 13.Ne5 Be6 14.Nd3 Ne4 15.Bxe7 Qxe7
16.f3 Nf6 17.Nc5 Rac8 18.Re3 Rc6 19.Qd2 b6 20.Nxe6 Rxe6 21.Rae1 Rxe3 22.Qxe3 Qb4
23.Qc3 Qd6 24.Re5 h6 25.Kf2 Rd8 26.h4 Kf8 27.a3 Rd7 28.Qb4 Qxb4 29.axb4 Ng8
30.Rxd5 Rxd5 31.Bxd5 Ne7 32.Be4 Nc8 33.Ke3 g5 34.hxg5 hxg5 35.f4 gxf4+ 36.Kxf4 f6
37.Bd3 Nd6 38.Kg4 Kg7 39.g3 Kf7 40.Kh5 Kg7 41.g4  1/2-1/2

[Event "Luzern ol (Men)"]
[Site "Luzern"]
[Date "1982.??.??"]
[Round "2"]
[White "Browne, Walter S"]
[Black "Haik, Aldo"]
[Result "1-0"]
[WhiteElo "2590"]
[BlackElo "2415"]

1.d4 d5 2.c4 c6 3.Nc3 Nf6 4.Nf3 dxc4 5.a4 Bg4 6.Ne5 Bh5 7.g3 e6 8.Bg2 a5
9.O-O Be7 10.h3 Na6 11.g4 Bg6 12.e4 Nd7 13.Nxc4 Nb4 14.Qe2 O-O 15.f4 f6 16.Be3 Nb6
17.Rad1 Nxc4 18.Qxc4 Bf7 19.Qe2 Qb6 20.Qf2 Qa6 21.Bf3 e5 22.Be2 Bc4 23.Bxc4+ Qxc4
24.dxe5 fxe5 25.f5 Rad8 26.Qe2 Nd3 27.Rd2 Nxb2 28.Rxd8 Rxd8 29.Qxb2 Rd3 30.Nd1 Qxe4
31.Qa2+ Kf8 32.Qf2 Qd5 33.Qe2 Bb4 34.Nf2 Ra3 35.Rd1 Qb3 36.Rd8+ Kf7 37.Rd3 Ra1+
38.Kh2 Qxa4 39.Rd7+ Ke8 40.Qd3 Be7 41.g5 Ra2 42.Rxb7  1-0

[Event "Bath TV-A"]
[Site "Bath"]
[Date "1983.??.??"]
[Round "?"]
[White "Chandler, Murray G"]
[Black "Browne, Walter S"]
[Result "1/2-1/2"]
[WhiteElo "2485"]
[BlackElo "2560"]

1.e4 c5 2.Nf3 d6 3.d4 cxd4 4.Nxd4 Nf6 5.Nc3 a6 6.Bg5 e6 7.f4 Be7 8.Qf3 Qc7
9.O-O-O Nbd7 10.Bd3 h6 11.Qh3 Nb6 12.f5 e5 13.Nde2 Bd7 14.Be3 Bc6 15.g4 O-O-O
16.Qf3 d5 17.Bxb6 Qxb6 18.exd5 Nxd5 19.Be4 Bg5+ 20.Kb1 Ne3 21.Rxd8+ Rxd8
22.Bxc6 Qxc6 23.Qxc6+ bxc6 24.h3 Rd2 25.Ng3 Rxc2 26.Nge4 Rg2 27.Nd6+ Kc7
28.Nxf7 Nc4 29.Nxg5 Rxb2+ 30.Ka1 hxg5 31.Ne4 Rb4 32.Rb1 a5 33.Nxg5 Kd6 34.Ne4+ Kd5
35.f6 gxf6 36.Nxf6+ Ke6 37.Ne4 Nd6 38.Nxd6 Kxd6 39.Rg1 Ke6 40.h4 Kf6 41.g5+ Kg6
42.Re1 Rxh4 43.Rxe5 a4 44.Kb2 Rc4 45.a3 c5 46.Rd5  1/2-1/2